[Event "Alcorcon Diagonal-B 3rd"]
[Site "Alcorcon"]
[Date "2024.12.30"]
[Round "9"]
[White "Romero Pallares, Daniel"]
[Black "Marquez Ruiz, Angel Jesus"]
[Result "1/2-1/2"]
[WhiteElo "2286"]
[BlackElo "2303"]
[PlyCount "73"]
[EventDate "2024.12.26"]
[EventType "tourn"]
[EventRounds "9"]
[EventCountry "ESP"]
[EventCategory "1"]
[SourceTitle "CB01_2025"]
[SourceDate "2025.01.01"]
[SourceVersion "1"]
[SourceVersionDate "2025.01.01"]
[SourceQuality "1"]

1. Nf3 Nf6 2. c4 c5 3. d4 cxd4 4. Nxd4 Nc6 5. Nc3 g6 6. e4 Nxd4 7. Qxd4 d6 8. Be2 Bg7 9. Be3 0-0 10. Qd3 Be6 11. 0-0 Nd7 12. b3 Nc5 13. Qc2 Bxc3 14. Qxc3 Nxe4 15. Qd4 Nf6 16. Rfd1 Re8 17. Bf3 Qc8 18. h3 Bd7 19. Bg5 Bc6 20. Bxc6 Qxc6 21. Bxf6 exf6 22. Qxf6 Re6 23. Qf4 Rae8 24. Rd2 Re1+ 25. Rxe1 Rxe1+ 26. Kh2 Re6 27. Rd5 a6 28. Qd4 h5 29. a4 Kf8 30. Qh8+ Ke7 31. a5 b5 32. axb6 Qxb6 33. Qb2 Qb4 34. Qa2 Qe1 35. Qd2 Qxd2 36. Rxd2 Re5 37. Kg3 1/2-1/2

[Event "Alcorcon Diagonal-B 3rd"]
[Site "Alcorcon"]
[Date "2024.12.29"]
[Round "8"]
[White "Lianes Garcia, Marcos"]
[Black "Romero Pallares, Daniel"]
[Result "1-0"]
[WhiteElo "2389"]
[BlackElo "2286"]
[PlyCount "119"]
[EventDate "2024.12.26"]
[EventType "tourn"]
[EventRounds "9"]
[EventCountry "ESP"]
[EventCategory "1"]
[SourceTitle "CB01_2025"]
[SourceDate "2025.01.01"]
[SourceVersion "1"]
[SourceVersionDate "2025.01.01"]
[SourceQuality "1"]

1. Nf3 Nf6 2. c4 e6 3. g3 d5 4. Bg2 Bd6 5. d4 0-0 6. 0-0 Nc6 7. b3 Re8 8. Bb2 b6 9. Nfd2 Bb7 10. e4 dxe4 11. Nxe4 Nxe4 12. Bxe4 e5 13. d5 Nd4 14. Bxd4 exd4 15. Qd3 g6 16. Nd2 Qf6 17. Bg2 Bc8 18. Ne4 Qe5 19. Nxd6 cxd6 20. Qd2 Bg4 21. f3 Bd7 22. Rae1 Qf6 23. Re4 d3 24. Qxd3 Bf5 25. Qd4 Qxd4+ 26. Rxd4 Re2 27. g4 Bd7 28. Rf2 Re1+ 29. Bf1 Rae8 30. Kg2 Kg7 31. Kg3 g5 32. Rdd2 f5 33. gxf5 Kf6 34. h4 h6 35. hxg5+ hxg5 36. Bh3 Bxf5 37. Bxf5 Kxf5 38. Rh2 Kg6 39. Rdg2 R1e3 40. Rh1 Rf8 41. Rf2 Kg7 42. Rd1 Rf4 43. Rdf1 Kg6 44. Rh1 Rf8 45. Rhh2 Kg7 46. Rh3 Kg6 47. Kg2 a5 48. f4 Rxh3 49. Kxh3 Re8 50. fxg5 Kxg5 51. Kg2 Re3 52. Kf1 Rc3 53. Ke1 a4 54. Kd2 Rh3 55. Kc2 a3 56. b4 Re3 57. Rf8 Kg6 58. Rd8 Kf5 59. Rxd6 Rh3 60. Re6 1-0

[Event "Alcorcon Diagonal-B 3rd"]
[Site "Alcorcon"]
[Date "2024.12.28"]
[Round "6"]
[White "Starostits, Ilmars"]
[Black "Romero Pallares, Daniel"]
[Result "1-0"]
[WhiteElo "2372"]
[BlackElo "2286"]
[PlyCount "99"]
[EventDate "2024.12.26"]
[EventType "tourn"]
[EventRounds "9"]
[EventCountry "ESP"]
[EventCategory "1"]
[SourceTitle "CB01_2025"]
[SourceDate "2025.01.01"]
[SourceVersion "1"]
[SourceVersionDate "2025.01.01"]
[SourceQuality "1"]

1. e4 c6 2. d4 d5 3. Nc3 dxe4 4. Nxe4 Nf6 5. Ng3 h5 6. Bc4 h4 7. N3e2 Bf5 8. h3 e6 9. Nf3 Be7 10. Bb3 Nbd7 11. c3 a5 12. Nf4 Qc7 13. Nd3 Nd5 14. a3 a4 15. Bc2 b5 16. Nde5 Bxc2 17. Qxc2 Nxe5 18. dxe5 Nb6 19. 0-0 Nc4 20. Re1 Rd8 21. b3 axb3 22. Qxb3 Rh5 23. a4 Nxe5 24. Nd4 b4 25. Bb2 c5 26. Nxe6 fxe6 27. Qxe6 Qd6 28. Qg8+ Kd7 29. Qa2 Kc8 30. cxb4 Rg5 31. Bxe5 Rxe5 32. bxc5 Rxc5 33. Rab1 Bf6 34. Qb3 Rc7 35. Qb8+ Kd7 36. Qb5+ Kc8 37. Rec1 Bc3 38. Rxc3 Qd1+ 39. Rxd1 Rxd1+ 40. Kh2 Rxc3 41. Qb4 Rcc1 42. Qf8+ Kb7 43. Qxg7+ Ka6 44. Qf6+ Ka5 45. Qxh4 Rh1+ 46. Kg3 Rhg1 47. Qd4 Rgd1 48. Qa7+ Kb4 49. a5 Rc3+ 50. Kh2 1-0

[Event "Alcorcon Diagonal-B 3rd"]
[Site "Alcorcon"]
[Date "2024.12.27"]
[Round "4"]
[White "Lozano Ramirez, Nestor Favian"]
[Black "Romero Pallares, Daniel"]
[Result "0-1"]
[WhiteElo "2200"]
[BlackElo "2286"]
[PlyCount "86"]
[EventDate "2024.12.26"]
[EventType "tourn"]
[EventRounds "9"]
[EventCountry "ESP"]
[EventCategory "1"]
[SourceTitle "CB01_2025"]
[SourceDate "2025.01.01"]
[SourceVersion "1"]
[SourceVersionDate "2025.01.01"]
[SourceQuality "1"]

1. c4 e5 2. g3 c6 3. d4 Bb4+ 4. Bd2 Bxd2+ 5. Qxd2 d6 6. Nc3 Nf6 7. Bg2 0-0 8. e3 Qe7 9. Nge2 e4 10. d5 c5 11. h3 h5 12. Qc2 Re8 13. 0-0-0 h4 14. gxh4 Bf5 15. Rhg1 a6 16. Bh1 Nbd7 17. Rg5 Bh7 18. Rdg1 Kh8 19. Rxg7 b5 20. Ng3 Rg8 21. Rxg8+ Rxg8 22. Rd1 Re8 23. cxb5 axb5 24. Nxb5 Nb6 25. Nc3 Qe5 26. Qb3 Rb8 27. Bg2 Qe8 28. Qc2 Qe5 29. Ngxe4 Nc4 30. f4 Qe7 31. Na4 Bxe4 32. Qxc4 Bxg2 33. Qc3 Rb4 34. b3 Re4 35. Re1 Kh7 36. Qc2 Bxh3 37. Nc3 Bf5 38. Nxe4 Bxe4 39. Qb2 Nxd5 40. Rg1 Bg6 41. Rg3 Qe4 42. Rh3 Nxf4 43. h5 Nd3+ 0-1

[Event "Alcorcon Diagonal-B 3rd"]
[Site "Alcorcon"]
[Date "2024.12.26"]
[Round "2"]
[White "Martel Bruniaux, Malko"]
[Black "Romero Pallares, Daniel"]
[Result "1-0"]
[WhiteElo "2180"]
[BlackElo "2286"]
[PlyCount "49"]
[EventDate "2024.12.26"]
[EventType "tourn"]
[EventRounds "9"]
[EventCountry "ESP"]
[EventCategory "1"]
[SourceTitle "CB01_2025"]
[SourceDate "2025.01.01"]
[SourceVersion "1"]
[SourceVersionDate "2025.01.01"]
[SourceQuality "1"]

1. Nf3 Nf6 2. d4 g6 3. Bf4 Bg7 4. e3 0-0 5. Be2 d6 6. h3 Nc6 7. 0-0 e5 8. Bh2 e4 9. Nfd2 Re8 10. c4 h5 11. Nc3 Bf5 12. Rc1 h4 13. Qb3 Bh6 14. Rfd1 Rb8 15. c5 d5 16. Qa3 a6 17. b4 g5 18. Qb3 g4 19. hxg4 Be6 20. Ndxe4 Nxg4 21. Bxg4 Bxg4 22. Bxc7 Bxd1 23. Qxd1 Qxc7 24. Nf6+ Kf8 25. Qg4 1-0

[Event "Sant Boi de Llobregat op 5th"]
[Site "Sant Boi de Llobregat"]
[Date "2024.12.05"]
[Round "7"]
[White "Romero Pallares, Daniel"]
[Black "Sorensen, Hampus"]
[Result "0-1"]
[WhiteElo "2286"]
[BlackElo "2419"]
[PlyCount "70"]
[EventDate "2024.11.29"]
[EventType "swiss"]
[EventRounds "10"]
[EventCountry "ESP"]
[SourceTitle "CB50_2024"]
[SourceDate "2024.11.01"]
[SourceVersion "1"]
[SourceVersionDate "2024.11.01"]
[SourceQuality "2"]

1. e4 e5 2. Nf3 Nc6 3. Bc4 Bc5 4. d3 Nf6 5. Be3 Bb6 6. a4 0-0 7. 0-0 d6 8. Nbd2 Qe7 9. c3 Be6 10. b4 Bxe3 11. fxe3 a5 12. Bxe6 Qxe6 13. b5 Nb8 14. c4 Nbd7 15. Nb1 c6 16. Nc3 h6 17. Nh4 g6 18. Qf3 Kg7 19. h3 Rad8 20. g4 Qe7 21. Qg3 Ne8 22. Rad1 Nc7 23. Nf3 Rfe8 24. Rf2 Kg8 25. Kh2 Nc5 26. Qg2 Na8 27. Ne2 Nb6 28. Ng3 d5 29. exd5 cxd5 30. d4 exd4 31. exd4 Ne4 32. Nxe4 dxe4 33. Ne5 Rxd4 34. Rxd4 Qxe5+ 35. Qg3 Qxd4 0-1

[Event "Sant Boi de Llobregat op 5th"]
[Site "Sant Boi de Llobregat"]
[Date "2024.11.30"]
[Round "2"]
[White "Romero Pallares, Daniel"]
[Black "Levin, Guy"]
[Result "1/2-1/2"]
[WhiteElo "2286"]
[BlackElo "2445"]
[PlyCount "54"]
[EventDate "2024.11.29"]
[EventType "swiss"]
[EventRounds "10"]
[EventCountry "ESP"]
[SourceTitle "CB50_2024"]
[SourceDate "2024.11.01"]
[SourceVersion "1"]
[SourceVersionDate "2024.11.01"]
[SourceQuality "2"]

1. e4 c5 2. Nf3 d6 3. d4 cxd4 4. Nxd4 Nf6 5. Nc3 a6 6. Be3 e5 7. Nf3 Be7 8. Bc4 Be6 9. Bxe6 fxe6 10. Ng5 Qd7 11. Qf3 d5 12. 0-0-0 d4 13. Bxd4 exd4 14. e5 0-0 15. Qh3 h6 16. exf6 Rxf6 17. Nf3 e5 18. Qxd7 Nxd7 19. Nd5 Rf7 20. c3 Rc8 21. Kb1 dxc3 22. Nxc3 Bb4 23. Ne4 Rc4 24. Ng3 Rcf4 25. Nh5 R4f5 26. Ng3 Rf4 27. Nh5 R4f5 1/2-1/2

[Event "Sant Boi de Llobregat op 5th"]
[Site "Sant Boi de Llobregat"]
[Date "2024.11.29"]
[Round "1"]
[White "McCallum, Elliot"]
[Black "Romero Pallares, Daniel"]
[Result "0-1"]
[WhiteElo "1962"]
[BlackElo "2286"]
[PlyCount "78"]
[EventDate "2024.11.29"]
[EventType "swiss"]
[EventRounds "10"]
[EventCountry "ESP"]
[SourceTitle "CB50_2024"]
[SourceDate "2024.11.01"]
[SourceVersion "1"]
[SourceVersionDate "2024.11.01"]
[SourceQuality "2"]

1. e4 c6 2. d4 d5 3. e5 Bf5 4. h4 h5 5. Bd3 Bxd3 6. Qxd3 Qa5+ 7. Nd2 e6 8. Ngf3 Nh6 9. 0-0 Nf5 10. c4 Be7 11. g3 0-0 12. a3 Qa6 13. b3 Rd8 14. Bb2 Nd7 15. Qc2 b6 16. b4 dxc4 17. Nxc4 Rac8 18. Ne3 Nxe3 19. fxe3 Nf8 20. Qf2 Qd3 21. Ne1 Qg6 22. Ng2 c5 23. bxc5 bxc5 24. Rac1 cxd4 25. exd4 Nd7 26. Nf4 Qg4 27. Kh2 Nb6 28. Ng2 Qg6 29. Ne3 Bf8 30. Qf3 Rxc1 31. Rxc1 Rc8 32. Rxc8 Nxc8 33. Qb7 Qb1 34. a4 Nb6 35. Qg2 Nxa4 36. Nc4 Qa2 37. Ba3 Qxc4 38. Qa8 Qa2+ 39. Kh3 Qxa3 0-1

[Event "Barcelona Sants op 25th"]
[Site "Barcelona"]
[Date "2024.08.26"]
[Round "4"]
[White "Banusz, Tamas"]
[Black "Romero Pallares, Daniel"]
[Result "1-0"]
[WhiteElo "2605"]
[BlackElo "2272"]
[PlyCount "71"]
[EventDate "2024.08.23"]
[EventType "swiss"]
[EventRounds "10"]
[EventCountry "ESP"]
[SourceTitle "CBM 221 Extra"]
[Source "ChessBase"]
[SourceDate "2024.09.30"]
[SourceVersion "1"]
[SourceVersionDate "2024.09.30"]
[SourceQuality "1"]

1. d4 d5 2. Nf3 Nf6 3. Bf4 e6 4. e3 c5 5. Be2 Nc6 6. 0-0 Qb6 7. Nc3 a6 8. Na4 Qa5 9. Nxc5 Bxc5 10. dxc5 Qxc5 11. c4 0-0 12. Rc1 Qe7 13. cxd5 Nxd5 14. Bg3 Rd8 15. Qb3 e5 16. Bh4 Nf6 17. Qb6 Rd6 18. Qc5 Bf5 19. b4 h6 20. b5 axb5 21. Bxb5 g5 22. Bxc6 bxc6 23. Bg3 Nd7 24. Qb4 Kf8 25. Nd4 Be4 26. Nb5 cxb5 27. Qxe4 Rd8 28. Qb7 Qe6 29. Qxb5 Qxa2 30. f4 gxf4 31. exf4 e4 32. Qh5 e3 33. f5 Ra6 34. Bf4 Kg7 35. Bxe3 Re8 36. f6+ 1-0

[Event "Abu Dhabi Masters Online"]
[Site "Chess.com INT"]
[Date "2024.08.21"]
[Round "7"]
[White "Dubnevych, Maksym"]
[Black "Romero Pallares, Daniel"]
[Result "1-0"]
[WhiteElo "2267"]
[BlackElo "2272"]
[PlyCount "74"]
[EventDate "2024.08.21"]
[EventType "swiss (blitz)"]
[EventRounds "11"]
[EventCountry "UAE"]
[SourceTitle "CBM 221 Extra"]
[Source "ChessBase"]
[SourceDate "2024.09.30"]
[SourceVersion "1"]
[SourceVersionDate "2024.09.30"]
[SourceQuality "1"]

1. d4 d6 2. e4 g6 3. Nc3 Bg7 4. f4 a6 5. Nf3 b5 6. a3 Nd7 7. Be3 Bb7 8. Bd3 e6 9. f5 exf5 10. exf5 Ngf6 11. fxg6 hxg6 12. Bg5 0-0 13. 0-0 c5 14. Ne4 c4 15. Nxf6+ Bxf6 16. Bxf6 Qxf6 17. Be2 Nb6 18. Qd2 Rae8 19. Rae1 Nd5 20. Ne5 Qh4 21. Nd7 Ne3 22. Rf2 Nxg2 23. Rxg2 Bxg2 24. Kxg2 Qe4+ 25. Kg1 Kg7 26. Nxf8 Kxf8 27. Kf2 Qh4+ 28. Kg1 Kg7 29. Rf1 d5 30. Bf3 Qd8 31. Qf2 Re7 32. c3 Qd6 33. Qg2 f5 34. Bxd5 Re3 35. Bf3 Kf6 36. Qg3 f4 37. Qh4+ Kg7 1-0

[Event "Abu Dhabi Masters Online"]
[Site "Chess.com INT"]
[Date "2024.08.21"]
[Round "6"]
[White "Le, Anh Dung"]
[Black "Romero Pallares, Daniel"]
[Result "0-1"]
[WhiteElo "2203"]
[BlackElo "2272"]
[PlyCount "64"]
[EventDate "2024.08.21"]
[EventType "swiss (blitz)"]
[EventRounds "11"]
[EventCountry "UAE"]
[SourceTitle "CBM 221 Extra"]
[Source "ChessBase"]
[SourceDate "2024.09.30"]
[SourceVersion "1"]
[SourceVersionDate "2024.09.30"]
[SourceQuality "1"]

1. c4 g6 2. g3 Bg7 3. Bg2 d6 4. Nf3 Nf6 5. d4 0-0 6. d5 e6 7. dxe6 Bxe6 8. Nd4 Bxc4 9. Bxb7 Bd5 10. Bxd5 Nxd5 11. 0-0 c5 12. Nf5 Nb4 13. Nxg7 Kxg7 14. Nc3 N4c6 15. Bf4 Ne5 16. Ne4 Nbc6 17. Qc1 Kg8 18. Bh6 Nd4 19. Re1 Re8 20. Bg5 Qb6 21. Nf6+ Kg7 22. Nxe8+ Rxe8 23. Qf4 d5 24. Bh6+ Kg8 25. Kg2 f6 26. b4 Qxb4 27. Qxf6 Nf5 28. Rab1 Qe4+ 29. Kg1 Ng4 30. Rb7 Nxf6 31. f3 Qd4+ 32. Kg2 Nxh6 0-1

[Event "Abu Dhabi Masters Online"]
[Site "Chess.com INT"]
[Date "2024.08.21"]
[Round "4"]
[White "Romero Pallares, Daniel"]
[Black "Flores Mirabal, Nancy"]
[Result "1-0"]
[WhiteElo "2272"]
[BlackElo "1974"]
[PlyCount "119"]
[EventDate "2024.08.21"]
[EventType "swiss (blitz)"]
[EventRounds "11"]
[EventCountry "UAE"]
[SourceTitle "CBM 221 Extra"]
[Source "ChessBase"]
[SourceDate "2024.09.30"]
[SourceVersion "1"]
[SourceVersionDate "2024.09.30"]
[SourceQuality "1"]

1. e4 c5 2. Nf3 d6 3. c3 d5 4. exd5 Qxd5 5. d4 cxd4 6. cxd4 Nc6 7. Nc3 Qa5 8. Bc4 Bg4 9. 0-0 e6 10. d5 exd5 11. Nxd5 0-0-0 12. Qb3 Bc5 13. Bf4 Bxf3 14. Qxf3 Nd4 15. Qh3+ f5 16. b4 Bxb4 17. Bc7 Qc5 18. Bxd8 Kxd8 19. Qd3 Ne7 20. Nxe7 Kxe7 21. a3 Ba5 22. Rfd1 Rd8 23. Rac1 Qe5 24. Qb1 Kf6 25. Qxb7 Bc7 26. g3 Rb8 27. Qg2 Rb2 28. Bd3 Bb6 29. Re1 Qa5 30. Qa8 Rxf2 31. Qf8+ Kg6 32. Qe8+ Kh6 33. Kxf2 Qd2+ 34. Kf1 Nf3 35. Qe2 Nxh2+ 36. Kg2 Qg5 37. Kxh2 g6 38. Kg2 Bc7 39. Rh1+ Kg7 40. Rxc7+ Kf8 41. Qe7+ Qxe7 42. Rxe7 Kxe7 43. Rxh7+ Kf6 44. Rxa7 g5 45. Kf3 Ke5 46. Ra5+ Kf6 47. Rxf5+ Kg7 48. Rxg5+ Kh6 49. Rc5 Kg7 50. Bf1 Kh6 51. g4 Kg7 52. Rc6 Kh8 53. Kf4 Kg7 54. Kf5 Kh7 55. Kg5 Kg7 56. Rc7+ Kf8 57. Kf6 Kg8 58. g5 Kh8 59. g6 Kg8 60. Rc8# 1-0

[Event "Abu Dhabi Masters Online"]
[Site "Chess.com INT"]
[Date "2024.08.21"]
[Round "2"]
[White "Romero Pallares, Daniel"]
[Black "Obregon Rivero, Juan Carlos"]
[Result "0-1"]
[WhiteElo "2272"]
[BlackElo "2487"]
[PlyCount "80"]
[EventDate "2024.08.21"]
[EventType "swiss (blitz)"]
[EventRounds "11"]
[EventCountry "UAE"]
[SourceTitle "CBM 221 Extra"]
[Source "ChessBase"]
[SourceDate "2024.09.30"]
[SourceVersion "1"]
[SourceVersionDate "2024.09.30"]
[SourceQuality "1"]

1. d4 Nf6 2. Bf4 g6 3. Nc3 d5 4. e3 a6 5. h4 c5 6. dxc5 Qa5 7. Be5 Bg7 8. h5 Nc6 9. Bxf6 Bxf6 10. Nge2 e6 11. hxg6 hxg6 12. Rxh8+ Bxh8 13. Qd2 Qxc5 14. 0-0-0 Bd7 15. Nd4 Nxd4 16. exd4 Qd6 17. f4 0-0-0 18. g3 Bf6 19. Bg2 Rh8 20. Ne2 Kb8 21. Ng1 g5 22. Nf3 gxf4 23. gxf4 Rg8 24. Ne5 Be8 25. Bf3 Bh4 26. c3 Bg3 27. Rf1 f6 28. Nd3 Bb5 29. Be2 Bxd3 30. Bxd3 Rg4 31. f5 Bf4 32. Rxf4 Qxf4 33. fxe6 Kc7 34. Kc2 Qxd2+ 35. Kxd2 Rg2+ 36. Kc1 Kd6 37. Bf5 Rf2 38. Bh3 f5 39. b3 Kxe6 40. c4 Rxa2 0-1

[Event "Valencia Monteolivete op 4th"]
[Site "Valencia"]
[Date "2024.07.15"]
[Round "1"]
[White "Romero Pallares, Daniel"]
[Black "Contreras Moliner, Angel"]
[Result "1-0"]
[WhiteElo "2275"]
[BlackElo "1782"]
[PlyCount "55"]
[EventDate "2024.07.15"]
[EventType "swiss"]
[EventRounds "9"]
[EventCountry "ESP"]
[SourceTitle "EXT 2025"]
[Source "ChessBase"]
[SourceDate "2024.10.14"]
[SourceVersion "1"]
[SourceVersionDate "2024.10.14"]
[SourceQuality "1"]

1. e4 c6 2. d3 d5 3. Nd2 e5 4. Ngf3 Bd6 5. d4 exd4 6. Bd3 Bg4 7. 0-0 Ne7 8. Re1 0-0 9. e5 Bc7 10. Bxh7+ Kh8 11. Bd3 f5 12. h3 Bh5 13. Nb3 Bb6 14. g4 fxg4 15. Ng5 Qe8 16. hxg4 Bg6 17. f4 Bxd3 18. cxd3 Nd7 19. Qf3 Qg6 20. Qh3+ Qh6 21. Qg3 Qg6 22. Kg2 c5 23. Bd2 c4 24. Rh1+ Kg8 25. Rh3 Qxd3 26. Qh4 Qe2+ 27. Kh1 cxb3 28. Qh8# 1-0

[Event "Valencia Cuna op 5th"]
[Site "Valencia"]
[Date "2024.07.09"]
[Round "4"]
[White "Huerga Leache, Mikel"]
[Black "Romero Pallares, Daniel"]
[Result "1-0"]
[WhiteElo "2397"]
[BlackElo "2275"]
[PlyCount "131"]
[EventDate "2024.07.06"]
[EventType "swiss"]
[EventRounds "9"]
[EventCountry "ESP"]
[SourceTitle "CBM 221 Extra"]
[Source "ChessBase"]
[SourceDate "2024.09.30"]
[SourceVersion "1"]
[SourceVersionDate "2024.09.30"]
[SourceQuality "1"]

1. d4 d5 2. c4 e6 3. Nf3 Nf6 4. g3 Bd6 5. Bg2 0-0 6. 0-0 Nc6 7. Nbd2 a5 8. Re1 Ne4 9. Nxe4 dxe4 10. Nd2 f5 11. e3 e5 12. d5 Nb4 13. f3 exf3 14. Nxf3 e4 15. Nd4 Bd7 16. Bf1 c5 17. dxc6 bxc6 18. a3 Nd3 19. Bxd3 exd3 20. Qxd3 Qc7 21. Re2 Kh8 22. Bd2 Rad8 23. Qc3 a4 24. Rf1 Be5 25. Qa5 Qxa5 26. Bxa5 Rc8 27. Rd2 Rf7 28. e4 f4 29. Nf3 Bb8 30. e5 fxg3 31. hxg3 Bh3 32. Rff2 Bg4 33. Kg2 Bxf3+ 34. Rxf3 Rxf3 35. Kxf3 Bxe5 36. Bc3 Bxc3 37. bxc3 Kg8 38. Rb2 Kf7 39. Rb4 Ke6 40. Rxa4 Rc7 41. Ke4 Kd6 42. Ra5 Re7+ 43. Kd4 Rb7 44. c5+ Kd7 45. Ra8 Rc7 46. Ke5 Ke7 47. c4 Rb7 48. Rc8 Rb3 49. Rc7+ Kf8 50. g4 Rxa3 51. Rxc6 Rc3 52. Rc8+ Kf7 53. Kd5 Rd3+ 54. Kc6 Rc3 55. Kb5 Rb3+ 56. Ka5 Ke6 57. Rd8 Ke7 58. Rd4 Ra3+ 59. Kb6 Rb3+ 60. Kc7 g6 61. c6 h5 62. gxh5 gxh5 63. Rh4 Rc3 64. Kc8 Kd6 65. c7 Ke7 66. Kb7 1-0

[Event "Titled Tuesday intern op 02nd Apr Late"]
[Site "Chess.com INT"]
[Date "2024.04.02"]
[Round "4"]
[White "Alcazar Jimenez, Jesus Alberto"]
[Black "Romero Pallares, Daniel"]
[Result "0-1"]
[WhiteElo "2147"]
[BlackElo "2290"]
[PlyCount "68"]
[EventDate "2024.04.02"]
[EventType "swiss (blitz)"]
[EventRounds "11"]
[EventCountry "USA"]
[SourceTitle "CBM 219 Extra"]
[Source "ChessBase"]
[SourceDate "2024.05.31"]
[SourceVersion "1"]
[SourceVersionDate "2024.05.31"]
[SourceQuality "1"]

1. c4 g6 2. Nc3 Bg7 3. e3 d6 4. Nf3 Nf6 5. d4 0-0 6. Be2 Nbd7 7. 0-0 e5 8. dxe5 dxe5 9. e4 c6 10. h3 Qe7 11. Be3 Rd8 12. Qc2 Nh5 13. Rad1 Nf4 14. Bxf4 exf4 15. Qd2 g5 16. Nh2 Bf6 17. Bg4 Ne5 18. Qxd8+ Qxd8 19. Rxd8+ Bxd8 20. Bxc8 Rxc8 21. b3 Ba5 22. Rc1 Rd8 23. Rd1 Rd3 24. Rxd3 Nxd3 25. Nd1 Nc1 26. h4 h6 27. hxg5 hxg5 28. Kf1 Nxa2 29. Nf3 f6 30. Nd4 Nc1 31. Nf5 Nxb3 32. Nd6 Nc5 33. f3 Bc7 34. Ne8 Be5 0-1

[Event "Titled Tuesday intern op 02nd Apr Early"]
[Site "Chess.com INT"]
[Date "2024.04.02"]
[Round "3"]
[White "Fernandez Hernandez, Gerardo"]
[Black "Romero Pallares, Daniel"]
[Result "0-1"]
[WhiteElo "2161"]
[BlackElo "2290"]
[PlyCount "66"]
[EventDate "2024.04.02"]
[EventType "swiss (blitz)"]
[EventRounds "11"]
[EventCountry "USA"]
[SourceTitle "CBM 219 Extra"]
[Source "ChessBase"]
[SourceDate "2024.05.31"]
[SourceVersion "1"]
[SourceVersionDate "2024.05.31"]
[SourceQuality "1"]

1. e4 g6 2. d3 Bg7 3. g3 d6 4. Bg2 Nf6 5. f4 0-0 6. Nf3 c5 7. Nc3 Nc6 8. 0-0 Rb8 9. a4 a6 10. h3 b5 11. axb5 axb5 12. g4 b4 13. Ne2 c4 14. g5 cxd3 15. cxd3 Nh5 16. Qe1 b3 17. Ng3 Nxg3 18. Qxg3 Nb4 19. Nh4 Qb6+ 20. Kh1 Qd4 21. Rd1 Bb7 22. Ra3 Nc2 23. Rxb3 Ba6 24. Rc3 Qa4 25. Rc7 Ne3 26. Bxe3 Qxd1+ 27. Bg1 Rxb2 28. Rxe7 Bd4 29. Nf3 Bf2 30. Qh2 Rb1 31. f5 gxf5 32. exf5 Rc8 33. Qxd6 Bxg1 0-1

[Event "Titled Tuesday intern op 02nd Apr Late"]
[Site "Chess.com INT"]
[Date "2024.04.02"]
[Round "3"]
[White "Romero Pallares, Daniel"]
[Black "Mekhitarian, Krikor Sevag"]
[Result "0-1"]
[WhiteElo "2290"]
[BlackElo "2554"]
[PlyCount "90"]
[EventDate "2024.04.02"]
[EventType "swiss (blitz)"]
[EventRounds "11"]
[EventCountry "USA"]
[SourceTitle "CBM 219 Extra"]
[Source "ChessBase"]
[SourceDate "2024.05.31"]
[SourceVersion "1"]
[SourceVersionDate "2024.05.31"]
[SourceQuality "1"]

1. d4 Nf6 2. Nf3 g6 3. Nc3 d5 4. Bf4 a6 5. e3 Bg4 6. Be2 Bg7 7. Ne5 Bxe2 8. Qxe2 Nbd7 9. h4 e6 10. g4 h5 11. g5 Ng8 12. 0-0-0 Ne7 13. f3 0-0 14. e4 c6 15. Rhf1 Rc8 16. Nxd7 Qxd7 17. Na4 b5 18. Nb6 Qb7 19. Nxc8 Nxc8 20. Be5 Nb6 21. Bxg7 Kxg7 22. exd5 cxd5 23. f4 Rc8 24. Rf3 b4 25. Kb1 Nc4 26. Qd3 a5 27. Qb3 Qb5 28. a4 Qc6 29. Rfd3 Qd6 30. Rf3 Qc6 31. Rfd3 Rb8 32. Rf3 Nb6 33. Qe3 Rc8 34. Rd2 Nc4 35. Qe2 Nxd2+ 36. Qxd2 Qxa4 37. Qe2 Qc6 38. Qe5+ Kg8 39. Rf2 a4 40. f5 exf5 41. Re2 b3 42. c3 a3 43. Qe7 axb2 44. Re3 Qa4 45. Kxb2 Qa2+ 0-1

[Event "San Vicente op 8th"]
[Site "San Vicente"]
[Date "2024.03.28"]
[Round "3"]
[White "Romero Pallares, Daniel"]
[Black "Muthaiah, Al"]
[Result "1/2-1/2"]
[WhiteElo "2291"]
[BlackElo "2454"]
[PlyCount "93"]
[EventDate "2024.03.27"]
[EventType "swiss"]
[EventRounds "9"]
[EventCountry "ESP"]
[SourceTitle "CBM 219 Extra"]
[Source "ChessBase"]
[SourceDate "2024.05.31"]
[SourceVersion "1"]
[SourceVersionDate "2024.05.31"]
[SourceQuality "1"]

1. e4 c5 2. Nf3 e6 3. d4 cxd4 4. Nxd4 Nc6 5. a3 Nf6 6. Nc3 Qc7 7. Be3 a6 8. f4 Nxd4 9. Bxd4 Qxf4 10. g3 Qc7 11. e5 Nd5 12. Nxd5 exd5 13. Bg2 d6 14. 0-0 Be6 15. exd6 Bxd6 16. Bxg7 Rg8 17. Bf6 Be7 18. Bxe7 Qxe7 19. Qd4 0-0-0 20. Rae1 Kb8 21. Re3 Qd6 22. Rf4 Rc8 23. c3 Rc4 24. Qe5 Qxe5 25. Rxe5 Rxf4 26. gxf4 Rg4 27. f5 Rg5 28. h4 Rxf5 29. Rxf5 Bxf5 30. Bxd5 Be6 31. Be4 h6 32. Kf2 Kc7 33. Ke3 b6 34. Kd4 f6 35. b4 Kd6 36. c4 a5 37. c5+ bxc5+ 38. bxc5+ Kc7 39. Ke3 Bd7 40. Kf4 Be6 41. Bg2 Bd7 42. Bf3 Be6 43. h5 Bd7 44. Bg4 Bb5 45. Bf3 Bd7 46. Bg4 Bb5 47. Bf3 1/2-1/2

[Event "Titled Tuesday intern op 19th Mar Late"]
[Site "Chess.com INT"]
[Date "2024.03.19"]
[Round "1"]
[White "Romero Pallares, Daniel"]
[Black "Oro, Faustino"]
[Result "0-1"]
[WhiteElo "2291"]
[BlackElo "2330"]
[PlyCount "64"]
[EventDate "2024.03.19"]
[EventType "swiss (blitz)"]
[EventRounds "11"]
[EventCountry "USA"]
[SourceTitle "EXT 2025"]
[Source "ChessBase"]
[SourceDate "2024.10.14"]
[SourceVersion "1"]
[SourceVersionDate "2024.10.14"]
[SourceQuality "1"]

1. d4 Nf6 2. Nf3 d5 3. Bf4 g6 4. Nc3 c6 5. e3 Bg7 6. h4 h5 7. Be2 Bg4 8. Ne5 Bxe2 9. Qxe2 Nbd7 10. 0-0-0 e6 11. f3 Qa5 12. g4 Nxe5 13. Bxe5 Rg8 14. Bxf6 Bxf6 15. gxh5 gxh5 16. f4 Rh8 17. f5 0-0-0 18. fxe6 fxe6 19. Rdf1 Rdf8 20. Qh2 Qd8 21. Qh3 Qd7 22. Ne2 e5 23. Qh2 Qe7 24. Qh3+ Kb8 25. Ng3 exd4 26. Nf5 Qe4 27. exd4 Bxd4 28. Nxd4 Qxd4 29. Qg3+ Ka8 30. Qd6 Rxf1+ 31. Rxf1 a6 32. b3 Qa1+ 0-1

[Event "Titled Tuesday intern op 19th Mar Late"]
[Site "Chess.com INT"]
[Date "2024.03.19"]
[Round "8"]
[White "Romero Pallares, Daniel"]
[Black "Streltsov, Alexey"]
[Result "0-1"]
[WhiteElo "2291"]
[BlackElo "2286"]
[PlyCount "62"]
[EventDate "2024.03.19"]
[EventType "swiss (blitz)"]
[EventRounds "11"]
[EventCountry "USA"]
[SourceTitle "EXT 2025"]
[Source "ChessBase"]
[SourceDate "2024.10.14"]
[SourceVersion "1"]
[SourceVersionDate "2024.10.14"]
[SourceQuality "1"]

1. Nf3 d5 2. b3 Bf5 3. Bb2 Nc6 4. d3 f6 5. Nbd2 e5 6. e4 Bg4 7. h3 Bh5 8. g4 Bf7 9. Bg2 h5 10. a3 hxg4 11. hxg4 Rxh1+ 12. Bxh1 Qd7 13. Nh2 0-0-0 14. exd5 Bxd5 15. Bxd5 Qxd5 16. Qf3 Qa5 17. b4 Qa4 18. 0-0-0 Nge7 19. Qe4 Nd5 20. c4 Ndxb4 21. axb4 Nxb4 22. d4 Na2+ 23. Kb1 Qxd1+ 24. Kxa2 Qxd2 25. Nf3 Qa5+ 26. Kb1 Ba3 27. dxe5 Qb4 28. Qc2 Rd3 29. exf6 gxf6 30. Nd4 Rxd4 31. Qf5+ Kb8 0-1